Normal view
MARC view
- MULTIPLE VIEW GEOMETRY IN COMPUTER VISION
Entry Topical Term
001 - CONTROL NUMBER
- control field: 59507
003 - CONTROL NUMBER IDENTIFIER
- control field: NUST
005 - DATE AND TIME OF LATEST TRANSACTION
- control field: 20210628202342.0
008 - FIXED-LENGTH DATA ELEMENTS
- fixed length control field: 210628|| aca||aabn | a|a d
040 ## - CATALOGING SOURCE
- Original cataloging agency: NUST
- Transcribing agency: NUST
150 ## - HEADING--TOPICAL TERM
- Topical term or geographic name entry element: MULTIPLE VIEW GEOMETRY IN COMPUTER VISION
670 ## - SOURCE DATA FOUND
- Source citation: Work cat.: (NUST): Hartley,Richard 2861, Multiple view geometry in computer vision, 2003
